书目信息 |
| 题名: |
无机材料科学基础
|
|
| 作者: | 潘群雄 , 王路明 , 蔡安兰 主编 | |
| 分册: | ||
| 出版信息: | 北京 化学工业出版社 2007 |
|
| 页数: | 221页 | |
| 开本: | 26cm | |
| 丛书名: | ||
| 单 册: | ||
| 中图分类: | TB321 | |
| 科图分类: | ||
| 主题词: | 无机材料--高等学校--教材 , 无机材料 | |
| 电子资源: | ||
| ISBN: | 9787502594794 | |
| 000 | 00951nam0 2200277 450 | |
| 001 | 012007375690 | |
| 005 | 20070517110604.26 | |
| 010 | @a9787502594794@dCNY26.00 | |
| 100 | @a20070509d2007 km y0chiy0120 ea | |
| 101 | 0 | @achi |
| 102 | @aCN@b110000 | |
| 105 | @ay z 000yy | |
| 106 | @ar | |
| 200 | 1 | @a无机材料科学基础@Awu ji cai liao ke xue ji chu@f潘群雄,王路明,蔡安兰主编@Fpan qun xiong,wang lu ming,cai an lan zhu bian |
| 210 | @a北京@c化学工业出版社@d2007 | |
| 215 | @a221页@d26cm | |
| 300 | @a高等学校教材(工程应用型) | |
| 330 | @a本书论述了晶体几何基础、晶体化学基础、晶体结构、晶体结构缺陷、固溶体、熔体和非晶态固体、固体表面与界面等内容。每章后附有习题。 | |
| 606 | 0 | @a无机材料@x高等学校@j教材 |
| 606 | 0 | @a无机材料 |
| 690 | @aTB321@v4 | |
| 701 | 0 | @a潘群雄@Apan qun xiong@4主编 |
| 701 | 0 | @a王路明@Awang lu ming@4主编 |
| 701 | 0 | @a蔡安兰@Acai an lan@4主编 |
| 801 | 0 | @aCN@bRULIN@c20070517 |
| 905 | @dTB321@e149@s10 | |
| 无机材料科学基础/潘群雄,王路明,蔡安兰主编.-北京:化学工业出版社,2007 |
| 221页;26cm |
| 高等学校教材(工程应用型) |
| ISBN 9787502594794:CNY26.00 |
| 本书论述了晶体几何基础、晶体化学基础、晶体结构、晶体结构缺陷、固溶体、熔体和非晶态固体、固体表面与界面等内容。每章后附有习题。 |
| ● |
| 相关链接 |
|
|
|
|
正题名:无机材料科学基础
索取号:TB321/149
 
预约/预借
| 序号 | 登录号 | 条形码 | 馆藏地/架位号 | 状态 | 备注 |
| 1 | 0578339 | 205783393 | 第二样本阅览室/ [索取号:TB321/149] | 在馆 | |
| 2 | 0578340 | 205783400 | 第三借阅区/ [索取号:TB321/149] | 在馆 | |
| 3 | 0578341 | 205783419 | 第三借阅区/ [索取号:TB321/149] | 在馆 | |
| 4 | 0578342 | 205783428 | 第三借阅区/ [索取号:TB321/149] | 在馆 | |
| 5 | 0578343 | 205783437 | 第三借阅区/ [索取号:TB321/149] | 在馆 | |
| 6 | 0578344 | 205783446 | 密集书库/ [索取号:TB321/149] | 在馆 | |
| 7 | 0578345 | 205783455 | 密集书库/ [索取号:TB321/149] | 在馆 | |
| 8 | 0578346 | 205783464 | 密集书库/ [索取号:TB321/149] | 在馆 | |
| 9 | 0578347 | 205783473 | 密集书库/ [索取号:TB321/149] | 在馆 | |
| 10 | 0578348 | 205783482 | 密集书库/ [索取号:TB321/149] | 在馆 |